000 00402nam a2200133Ia 4500
005 20260328104340.0
008 260328s9999||||xx |||||||||||||| ||und||
100 _aEscovar Wilson-White, Alberto
245 0 _aGaston Lelarge :
_b Itinerario de su obra en Colombia /
_cAlberto Escovar Wilson-White
260 _bSociedad Colombiana de Arquitectos
300 _a204 p.
650 _aPINTURA
942 _cBK
999 _c12069
_d12069